000 00226 a2200109 4500
001 68588
040 _cAnchieta - Itaigara
240 1 0 _aSpace Odyssey
_l
245 1 0 _aSpace Odyssey
650 4 _aCiências espaciais
942 _cMX
999 _c68588
_d68588